000 00363nam a2200157Ia 4500
003 Ost
005 20260225132538.0
008 260225s9999||||xx |||||||||||||| ||und||
040 _cfsic
041 _afre
082 _a302.2
100 _aGay hennebelle
_eAuteur
245 0 _aLes théories de la communication /
245 0 _cGay hennebelle
942 _cكتاب
999 _c33308
_d33308